000 00511nam a22001697a 4500
005 20251108164233.0
008 250721s1998 xx 000 0 ara d
082 1 4 _a791.34/عاب
100 1 _aعابد، رسمي علي
245 1 0 _aلقاء بين العصور /
264 1 _aعمان :
_bدار مجدلاوي للنشر و التوزيع،
_c1998.
300 _aج
490 0 _aلقاء بين العصور
_vج4
650 1 7 _aالأفلام السينمائية
942 _2ddc
_cBK
999 _c7107
_d7107